[Event "Titled Tuesday intern op 12th May"]
[Site "Chess.com INT"]
[Date "2020.05.12"]
[Round "1"]
[White "Skovgaard, Peter"]
[Black "Yurtseven, Melih"]
[Result "0-1"]
[WhiteElo "2327"]
[BlackElo "2391"]
[PlyCount "55"]
[EventDate "2020.05.12"]
[EventType "swiss (blitz)"]
[EventRounds "10"]
[EventCountry "USA"]
[SourceTitle "EXT 2021"]
[Source "ChessBase"]
[SourceDate "2020.10.23"]
[SourceVersion "1"]
[SourceVersionDate "2020.10.23"]
[SourceQuality "1"]

1. e4 c5 2. Nf3 d6 3. Nc3 Nf6 4. Bb5+ Bd7 5. 0-0 a6 6. Bxd7+ Nbxd7 7. d3 e6 8. h3 Be7 9. Bf4 0-0 10. Qd2 b5 11. Rae1 b4 12. Nd1 a5 13. c3 Qb6 14. Ng5 Rab8 15. d4 bxc3 16. bxc3 cxd4 17. cxd4 Qb4 18. Qe3 Rfc8 19. e5 Nd5 20. Qg3 Nxf4 21. Qxf4 Rf8 22. exd6 Bxd6 23. Qh4 h6 24. Ne4 Be7 25. Qf4 Qxd4 26. Re3 Bg5 27. Qg4 f5 28. Qxg5 0-1

[Event "Titled Tuesday intern op 21st April"]
[Site "Chess.com INT"]
[Date "2020.04.21"]
[Round "7"]
[White "Baum, Jonasz"]
[Black "Skovgaard, Peter"]
[Result "1-0"]
[WhiteElo "2373"]
[BlackElo "2327"]
[PlyCount "63"]
[EventDate "2020.04.21"]
[EventType "swiss (blitz)"]
[EventRounds "10"]
[EventCountry "USA"]
[SourceTitle "EXT 2021"]
[Source "ChessBase"]
[SourceDate "2020.10.23"]
[SourceVersion "1"]
[SourceVersionDate "2020.10.23"]
[SourceQuality "1"]

1. e4 d6 2. d4 Nf6 3. f3 g6 4. c4 Bg7 5. Nc3 0-0 6. Be3 c5 7. Nge2 Nc6 8. d5 Ne5 9. Ng3 e6 10. Be2 exd5 11. cxd5 a6 12. a4 Rb8 13. 0-0 Bd7 14. h3 b5 15. axb5 axb5 16. f4 Nc4 17. Bxc4 bxc4 18. e5 Ne8 19. Nce4 Bb5 20. Rf2 dxe5 21. f5 Nd6 22. Nxd6 Qxd6 23. Ne4 Qd7 24. f6 Bh8 25. Bxc5 Rfd8 26. Be7 Rdc8 27. Qd2 Ra8 28. Rxa8 Rxa8 29. Qh6 Ra1+ 30. Kh2 Qxd5 31. Ng5 e4 32. Qxh7# 1-0

[Event "Titled Tuesday intern op 21st April"]
[Site "Chess.com INT"]
[Date "2020.04.21"]
[Round "2"]
[White "Meneses, Kevin"]
[Black "Skovgaard, Peter"]
[Result "0-1"]
[WhiteElo "2418"]
[BlackElo "2327"]
[PlyCount "118"]
[EventDate "2020.04.21"]
[EventType "swiss (blitz)"]
[EventRounds "10"]
[EventCountry "USA"]
[SourceTitle "EXT 2021"]
[Source "ChessBase"]
[SourceDate "2020.10.23"]
[SourceVersion "1"]
[SourceVersionDate "2020.10.23"]
[SourceQuality "1"]

1. Nf3 d6 2. d4 Nf6 3. g3 g6 4. Bg2 Bg7 5. 0-0 0-0 6. c4 Nbd7 7. Nc3 c6 8. e4 e5 9. Re1 h6 10. h3 a6 11. Be3 Rb8 12. a4 Re8 13. d5 cxd5 14. cxd5 b5 15. axb5 axb5 16. Nd2 b4 17. Na4 Ba6 18. Rc1 Bb5 19. b3 Rf8 20. Nc4 Bxa4 21. bxa4 Nc5 22. Nxd6 Nxa4 23. Qxa4 Qxd6 24. Bc5 Qd8 25. Bxf8 Bxf8 26. Rb1 Qb6 27. Qc6 Bc5 28. Kh2 Kg7 29. f4 Bd4 30. Rec1 b3 31. Qxb6 Rxb6 32. Rc6 Rb7 33. d6 b2 34. Rc7 Rb8 35. d7 Rd8 36. fxe5 Bxe5 37. Rd1 Kf8 38. Rc8 Ke7 39. Rxd8 Kxd8 40. h4 h5 41. Bf3 Bc3 42. Kh3 Bd2 43. e5 Nxd7 44. Be4 Ke7 45. Rxd2 Nxe5 46. Re2 Nc4 47. Bb1+ Kf6 48. g4 hxg4+ 49. Kxg4 Ne5+ 50. Kh3 Nc4 51. Bd3 Ne5 52. Ba6 b1Q 53. Rf2+ Ke7 54. Bf1 Qb3+ 55. Kg2 f5 56. Re2 Kf6 57. Rf2 Ng4 58. Rf3 Qc2+ 59. Kg3 Qh2# 0-1

[Event "Titled Tuesday intern op 7th April"]
[Site "Chess.com INT"]
[Date "2020.04.07"]
[Round "2"]
[White "Skovgaard, Peter"]
[Black "Grinberg, Eyal"]
[Result "0-1"]
[WhiteElo "2327"]
[BlackElo "2491"]
[PlyCount "142"]
[EventDate "2020.04.07"]
[EventType "swiss (blitz)"]
[EventRounds "10"]
[EventCountry "USA"]
[SourceTitle "EXT 2021"]
[Source "ChessBase"]
[SourceDate "2020.10.23"]
[SourceVersion "1"]
[SourceVersionDate "2020.10.23"]
[SourceQuality "1"]

1. e4 c5 2. Nf3 d6 3. Nc3 Nf6 4. Bb5+ Bd7 5. 0-0 Bxb5 6. Nxb5 Nc6 7. d3 e6 8. h3 Be7 9. Be3 0-0 10. Qd2 a6 11. Nc3 b5 12. Rae1 Qc7 13. Nh2 d5 14. exd5 exd5 15. Bf4 Qd7 16. Bg5 d4 17. Ne4 Nxe4 18. Rxe4 Bd6 19. Rfe1 f5 20. R4e2 Qc7 21. Nf3 h6 22. Bh4 Bf4 23. Qd1 g5 24. Bg3 Bxg3 25. fxg3 Rf6 26. Ne5 Nxe5 27. Rxe5 Raf8 28. Qh5 R8f7 29. Kh2 c4 30. Re8+ Kg7 31. Ra8 f4 32. gxf4 Qxf4+ 33. Kh1 Qg3 34. Qd1 Rf2 35. Rg1 cxd3 36. Qxd3 Qxd3 37. cxd3 Rxb2 38. Rxa6 Rff2 39. Rd6 Rb4 40. a3 Rb3 41. Rxd4 Rxa3 42. Rb4 Rf5 43. Rgb1 Rxd3 44. Rxb5 Rf2 45. R5b2 Rdd2 46. Rxd2 Rxd2 47. Kg1 Kg6 48. Rc1 Kf5 49. Rb1 h5 50. Rc1 h4 51. Rb1 Rd3 52. Rc1 Kf4 53. Rb1 Kg3 54. Rc1 Rd2 55. Rb1 Rxg2+ 56. Kh1 Rh2+ 57. Kg1 Rxh3 58. Rb3+ Kg4 59. Rb4+ Kh5 60. Kg2 Rd3 61. Kh2 Rd2+ 62. Kg1 g4 63. Rb5+ Kg6 64. Rb4 Kf5 65. Kh1 h3 66. Kg1 g3 67. Rb1 h2+ 68. Kh1 Kf4 69. Rb4+ Ke3 70. Re4+ Kf2 71. Re2+ Kxe2 0-1

[Event "Titled Tuesday intern op 6th Aug"]
[Site "Chess.com INT"]
[Date "2019.08.06"]
[Round "5"]
[White "Klekowski, Maciej"]
[Black "Skovgaard, Peter"]
[Result "1-0"]
[WhiteElo "2473"]
[BlackElo "2327"]
[PlyCount "89"]
[EventDate "2019.08.06"]
[EventType "swiss (blitz)"]
[EventRounds "10"]
[EventCountry "USA"]
[SourceTitle "EXT 2021"]
[Source "ChessBase"]
[SourceDate "2020.10.23"]
[SourceVersion "1"]
[SourceVersionDate "2020.10.23"]
[SourceQuality "1"]

1. e4 d6 2. d4 Nf6 3. Nc3 g6 4. f3 Bg7 5. Be3 0-0 6. Qd2 c6 7. h4 h5 8. Nh3 Bxh3 9. Rxh3 b5 10. a4 b4 11. Ne2 a5 12. Bh6 Nbd7 13. 0-0-0 c5 14. Ng3 cxd4 15. Nf5 Bh8 16. Rg3 Ne5 17. Bxf8 Qxf8 18. Nxd4 Rc8 19. Kb1 Nc4 20. Bxc4 Rxc4 21. Nb3 Qd8 22. e5 Nd7 23. exd6 Nb6 24. dxe7 Qxe7 25. Qd8+ Qxd8 26. Rxd8+ Kh7 27. Nxa5 Rf4 28. b3 Rf5 29. Nc6 Nd5 30. Rg5 Nc3+ 31. Ka1 Rf4 32. Rxh8+ Kxh8 33. a5 Rxh4 34. Kb2 Nd1+ 35. Kc1 Rh1 36. Kd2 Nc3 37. Nxb4 Nb1+ 38. Kd3 Rd1+ 39. Kc4 Na3+ 40. Kc5 Rc1 41. c4 Rc3 42. a6 Rxb3 43. a7 Nc2 44. a8Q+ Kg7 45. Nxc2 1-0

[Event "Titled Tuesday intern op 6th Aug"]
[Site "Chess.com INT"]
[Date "2019.08.06"]
[Round "7"]
[White "Skovgaard, Peter"]
[Black "Diaz Villagran, Robert"]
[Result "0-1"]
[WhiteElo "2327"]
[BlackElo "2325"]
[PlyCount "68"]
[EventDate "2019.08.06"]
[EventType "swiss (blitz)"]
[EventRounds "10"]
[EventCountry "USA"]
[SourceTitle "EXT 2021"]
[Source "ChessBase"]
[SourceDate "2020.10.23"]
[SourceVersion "1"]
[SourceVersionDate "2020.10.23"]
[SourceQuality "1"]

1. e4 e6 2. d4 d5 3. Nd2 Nc6 4. Ngf3 Nf6 5. e5 Nd7 6. c3 f6 7. exf6 Qxf6 8. Bd3 Bd6 9. 0-0 e5 10. dxe5 Ndxe5 11. Nxe5 Nxe5 12. Be2 Qf4 13. g3 Qf6 14. Nf3 0-0 15. Nxe5 Qxe5 16. Bf4 Rxf4 17. gxf4 Qxf4 18. Qxd5+ Kh8 19. Qg2 Bf5 20. Rae1 Rf8 21. Bf3 h6 22. Bxb7 Rf6 23. Re3 Bg4 24. Rg3 h5 25. Re1 Bc5 26. Re8+ Kh7 27. Be4+ g6 28. h3 Bxf2+ 29. Kh2 h4 30. Re7+ Kh6 31. hxg4 hxg3+ 32. Kh3 Kg5 33. Bf5 Rxf5 34. gxf5 Qh4# 0-1

[Event "Titled Tuesday intern op 2nd July"]
[Site "Chess.com INT"]
[Date "2019.07.02"]
[Round "9"]
[White "Kujawski, Adam"]
[Black "Skovgaard, Peter"]
[Result "1-0"]
[WhiteElo "2213"]
[BlackElo "2327"]
[PlyCount "67"]
[EventDate "2019.07.02"]
[EventType "swiss (blitz)"]
[EventRounds "10"]
[EventCountry "USA"]
[SourceTitle "EXT 2021"]
[Source "ChessBase"]
[SourceDate "2020.10.23"]
[SourceVersion "1"]
[SourceVersionDate "2020.10.23"]
[SourceQuality "1"]

1. Nf3 d6 2. c4 Nf6 3. g3 g6 4. Bg2 Bg7 5. 0-0 0-0 6. Nc3 e5 7. d3 Nc6 8. Bg5 h6 9. Bxf6 Qxf6 10. Nd5 Qd8 11. b4 Be6 12. b5 Ne7 13. Nxe7+ Qxe7 14. Nd2 Rab8 15. Rb1 f5 16. Qa4 e4 17. dxe4 fxe4 18. Nxe4 Bf5 19. f3 Bd4+ 20. Kh1 Bxe4 21. fxe4 Qe5 22. Qc2 h5 23. Qd3 Bc5 24. Rf3 Kg7 25. Rbf1 Rbe8 26. Qd5 Rxf3 27. exf3 Re7 28. f4 Qb2 29. f5 gxf5 30. exf5 Kf6 31. Qg8 Qxa2 32. Qg6+ Ke5 33. f6 Re8 34. Qe4# 1-0

[Event "Titled Tuesday intern op 2nd July"]
[Site "Chess.com INT"]
[Date "2019.07.02"]
[Round "4"]
[White "Semjonovs, Ilja"]
[Black "Skovgaard, Peter"]
[Result "0-1"]
[WhiteElo "2380"]
[BlackElo "2327"]
[PlyCount "78"]
[EventDate "2019.07.02"]
[EventType "swiss (blitz)"]
[EventRounds "10"]
[EventCountry "USA"]
[SourceTitle "EXT 2021"]
[Source "ChessBase"]
[SourceDate "2020.10.23"]
[SourceVersion "1"]
[SourceVersionDate "2020.10.23"]
[SourceQuality "1"]

1. d4 d6 2. Nf3 Nf6 3. Bg5 g6 4. Bxf6 exf6 5. e3 f5 6. g3 Bg7 7. Bg2 0-0 8. 0-0 h5 9. Nbd2 Nc6 10. c4 Bd7 11. a3 Qe7 12. b4 Rae8 13. b5 Nd8 14. a4 Ne6 15. h4 Bc8 16. Rc1 Bh6 17. a5 Kh7 18. b6 axb6 19. axb6 cxb6 20. Qb3 g5 21. hxg5 Nxg5 22. Qxb6 Ne4 23. Qb2 Rg8 24. c5 Nxg3 25. fxg3 Rxg3 26. Nc4 Reg8 27. Rce1 Rxg2+ 28. Qxg2 Rxg2+ 29. Kxg2 dxc5 30. Nce5 f4 31. exf4 Bxf4 32. Nd3 Qf6 33. Nxf4 Qxf4 34. dxc5 Bg4 35. Ne5 Qd2+ 36. Kg3 Qc3+ 37. Kf4 f6 38. Nf3 Bxf3 39. Rxf3 Qxe1 0-1

[Event "DEN-chT 1516 54th"]
[Site "Denmark"]
[Date "2015.12.06"]
[Round "3"]
[White "Skovgaard, Peter"]
[Black "Rendboe, John Filip"]
[Result "1/2-1/2"]
[WhiteElo "2317"]
[BlackElo "2181"]
[PlyCount "211"]
[EventDate "2015.10.31"]
[EventType "team-tourn"]
[EventRounds "9"]
[EventCountry "DEN"]
[SourceTitle "CBM 170 Extra"]
[Source "ChessBase"]
[SourceDate "2016.02.25"]
[SourceVersion "1"]
[SourceVersionDate "2016.02.25"]
[SourceQuality "1"]
[WhiteTeam "Philidor"]
[BlackTeam "Aarhus/Skolerne"]
[WhiteTeamCountry "DEN"]
[BlackTeamCountry "DEN"]

1. e4 c5 2. Nf3 Nc6 3. Nc3 e5 4. Bc4 Be7 5. d3 Nf6 6. Nd2 d6 7. Nf1 Bg4 8. f3 Be6 9. Ne3 0-0 10. Ncd5 a6 11. 0-0 b5 12. Nxf6+ Bxf6 13. Bd5 Qd7 14. Bxc6 Qxc6 15. c4 Rab8 16. b3 b4 17. Ng4 Be7 18. f4 exf4 19. Bxf4 f5 20. exf5 Bxf5 21. Ne3 Be6 22. Qf3 Qxf3 23. Rxf3 g5 24. Bg3 Rxf3 25. gxf3 h5 26. Re1 h4 27. Nd5 Kf7 28. Bf2 Bd8 29. d4 cxd4 30. Bxd4 Bxd5 31. cxd5 Rb5 32. Rc1 Rxd5 33. Be3 Ke6 34. Kf2 Bf6 35. Rc6 Ra5 36. Rc2 Kf5 37. h3 Be5 38. Ke2 Bc3 39. Kd3 Rd5+ 40. Kc4 Rd1 41. Rg2 d5+ 42. Kc5 d4 43. Rxg5+ Kf6 44. Bf4 Rf1 45. Rd5 Rxf3 46. Be5+ Ke6 47. Bxd4 Rxh3 48. Rd6+ Ke7 49. Rxa6 Rg3 50. Bf2 Rg5+ 51. Kc4 Rg4+ 52. Kd5 h3 53. Rh6 Rg5+ 54. Kc4 Rg4+ 55. Kd3 Rg2 56. Bc5+ Kd7 57. Rxh3 Rxa2 58. Kc4 Rg2 59. Rh7+ Kc6 60. Rh6+ Kc7 61. Kb5 Rg5 62. Rh7+ Rg7 63. Rh5 Kb7 64. Rf5 Rh7 65. Rf8 Rd7 66. Re8 Rf7 67. Re2 Rd7 68. Ra2 Kb8 69. Ra6 Rb7+ 70. Kc4 Rh7 71. Re6 Kb7 72. Rb6+ Kc8 73. Kd5 Kc7 74. Rc6+ Kb7 75. Rb6+ Kc7 76. Ra6 Rh5+ 77. Kc4 Be1 78. Re6 Bc3 79. Rg6 Rf5 80. Rg4 Kc6 81. Rg6+ Rf6 82. Rg4 Rf5 83. Be7 Bd2 84. Rg6+ Kb7 85. Bc5 Rg5 86. Rd6 Bc3 87. Kb5 Rg7 88. Ra6 Kb8 89. Bd6+ Kb7 90. Rb6+ Ka7 91. Kc6 Rg6 92. Rb5 Ka6 93. Rf5 Rf6 94. Rg5 Rh6 95. Rg8 Rh8 96. Rg2 Rh5 97. Ra2+ Ra5 98. Rh2 Be5 99. Bxe5 Rxe5 100. Rh4 Ka5 101. Rh8 Re6+ 102. Kc5 Re5+ 103. Kd4 Rg5 104. Ra8+ Kb5 105. Rb8+ Ka5 106. Ra8+ 1/2-1/2

[Event "SRB Central-ch op-A 5th"]
[Site "Paracin"]
[Date "2012.07.10"]
[Round "5"]
[White "Martinovic, Slobodan"]
[Black "Skovgaard, Peter"]
[Result "1-0"]
[WhiteElo "2447"]
[BlackElo "2306"]
[PlyCount "87"]
[EventDate "2012.07.06"]
[EventType "swiss"]
[EventRounds "9"]
[EventCountry "SRB"]
[SourceTitle "CBM 149 Extra"]
[Source "ChessBase"]
[SourceDate "2012.08.24"]
[SourceVersion "1"]
[SourceVersionDate "2012.08.24"]
[SourceQuality "1"]

1. c4 e5 2. Nc3 d6 3. Nf3 f5 4. d4 e4 5. Ng5 Be7 6. Nh3 Nf6 7. g3 c6 8. d5 0-0 9. Nf4 Na6 10. h4 Nc7 11. Bh3 b5 12. cxb5 cxb5 13. b4 Nd7 14. Ne6 Nxe6 15. dxe6 Nb6 16. Nxb5 Bxe6 17. Nd4 Qd7 18. 0-0 d5 19. Qb3 Nc4 20. Bf4 a5 21. b5 a4 22. Qd1 Bf6 23. Rb1 Na3 24. Nxe6 Qxe6 25. Rb4 Bc3 26. Rxa4 Nxb5 27. Rxa8 Rxa8 28. a4 Nd4 29. Be3 Nc6 30. Qb3 Bd4 31. Bf4 Be5 32. Bxe5 Nxe5 33. Bxf5 Qf7 34. Bh3 Nc4 35. Qc2 Rb8 36. Qc3 g6 37. Qd4 Ra8 38. Rb1 h5 39. Rb5 Rd8 40. a5 Qg7 41. Be6+ Kh7 42. Qxg7+ Kxg7 43. Bxd5 Nd6 44. Rb3 1-0

[Event "DEN-chT 1112 50th"]
[Site "Denmark"]
[Date "2012.03.11"]
[Round "9.3"]
[White "Skytte, Rasmus"]
[Black "Skovgaard, Peter"]
[Result "1-0"]
[WhiteElo "2388"]
[BlackElo "2305"]
[PlyCount "55"]
[EventDate "2011.10.29"]
[EventType "team-tourn"]
[EventRounds "9"]
[EventCountry "DEN"]
[SourceTitle "EXT 2013"]
[Source "ChessBase"]
[SourceDate "2012.11.22"]
[SourceVersion "1"]
[SourceVersionDate "2012.11.22"]
[SourceQuality "1"]
[WhiteTeam "Aarhus/Skolerne"]
[BlackTeam "BMS"]
[WhiteTeamCountry "DEN"]
[BlackTeamCountry "DEN"]

1. e4 c5 2. Nc3 Nc6 3. Bb5 Nd4 4. Bc4 e6 5. Nge2 Ne7 6. 0-0 d5 7. exd5 exd5 8. Nxd5 Nxd5 9. Nxd4 cxd4 10. Qh5 g5 11. Re1+ Be7 12. Qxg5 Be6 13. Qg7 Kd7 14. Qxd4 Qb6 15. Qe4 Nf6 16. Qe2 Bd6 17. Bxe6+ fxe6 18. Qxe6+ Kc7 19. d4 Rae8 20. Qf7+ Kb8 21. Bh6 Qxd4 22. Bg7 Qd2 23. Red1 Bxh2+ 24. Kxh2 Ng4+ 25. Kg1 Qe2 26. Bxh8 Rxh8 27. Qf4+ Ka8 28. Re1 1-0

[Event "Horsens op"]
[Site "Horsens"]
[Date "2011.07.??"]
[Round "6"]
[White "Fries Nielsen, Jens Ove"]
[Black "Skovgaard, Peter"]
[Result "1/2-1/2"]
[WhiteElo "2386"]
[BlackElo "2130"]
[PlyCount "137"]
[EventDate "2011.07.??"]
[EventType "swiss"]
[EventRounds "7"]
[EventCountry "DEN"]
[SourceTitle "EXT 2012"]
[Source "ChessBase"]
[SourceDate "2011.11.24"]
[SourceVersion "1"]
[SourceVersionDate "2011.11.24"]
[SourceQuality "1"]

1. d4 Nf6 2. Nc3 d5 3. Bf4 c6 4. Qd3 g6 5. f3 Bg7 6. e4 b5 7. e5 Nfd7 8. h4 b4 9. Na4 Qa5 10. b3 Ba6 11. Qd2 Bxf1 12. Kxf1 c5 13. dxc5 e6 14. Bh6 Qb5+ 15. Ne2 Bxe5 16. Rd1 Nc6 17. Qe3 0-0-0 18. f4 Bc7 19. Bg7 Rhe8 20. Bb2 e5 21. Qd3 Qxd3 22. Rxd3 exf4 23. Rxd5 Nf6 24. Rxd8+ Rxd8 25. Ke1 Ng4 26. Bc1 Re8 27. Kf1 Rd8 28. Nb2 Ne3+ 29. Bxe3 fxe3 30. Nd3 Ne5 31. Nef4 Ng4 32. g3 h6 33. Kg2 g5 34. hxg5 hxg5 35. Ne2 Ne5 36. Nxe5 Bxe5 37. Kf3 Rd2 38. Kxe3 Rxc2 39. Rh7 Rxa2 40. Rxf7 Ra3 41. Ke4 Bb2 42. Rf3 Ra1 43. Kd5 Re1 44. Kc6 Kd8 45. Rf8+ Ke7 46. Rf2 Be5 47. Kb7 Rd1 48. Kxa7 Rd2 49. Rh2 Ke6 50. c6 Kd6 51. Kb7 Rc2 52. Rh5 Rxe2 53. c7 Rc2 54. c8Q Rxc8 55. Kxc8 Bf6 56. Rh6 Ke5 57. Kd7 g4 58. Rxf6 Kxf6 59. Kd6 Kf5 60. Kd5 Kf6 61. Kc4 Ke5 62. Kxb4 Ke4 63. Kc4 Kf3 64. b4 Kxg3 65. b5 Kf2 66. b6 g3 67. b7 g2 68. b8Q g1Q 69. Qb6+ 1/2-1/2

[Event "Politiken Cup 32nd"]
[Site "Copenhagen"]
[Date "2010.08.02"]
[Round "4"]
[White "Taksrud, Vidar"]
[Black "Skovgaard, Peter"]
[Result "0-1"]
[WhiteElo "2097"]
[BlackElo "2299"]
[PlyCount "120"]
[EventDate "2010.07.31"]
[EventType "swiss"]
[EventRounds "10"]
[EventCountry "DEN"]
[SourceTitle "CBM 137 Extra"]
[Source "ChessBase"]
[SourceDate "2010.09.01"]
[SourceVersion "1"]
[SourceVersionDate "2010.09.01"]
[SourceQuality "1"]

1. Nc3 c5 2. Nf3 Nc6 3. d4 cxd4 4. Nxd4 g6 5. g3 Bg7 6. Nb3 Nf6 7. Bg2 0-0 8. 0-0 d6 9. h3 Be6 10. Be3 Qd7 11. Kh2 Ne5 12. Nd4 Nc4 13. Bc1 Rac8 14. b3 Nb6 15. Bb2 Rc5 16. e4 Rh5 17. Nxe6 Qxe6 18. Ne2 Ng4+ 19. Kg1 Bxb2 20. Nf4 Nxf2 21. Rxf2 Qe5 22. Nd3 Qg7 23. Nxb2 Qxb2 24. c4 Qg7 25. Rc1 Nd7 26. b4 a5 27. c5 axb4 28. cxd6 exd6 29. Qxd6 Ne5 30. Rc7 b5 31. Bf1 Nc4 32. Qe7 Qd4 33. Rd7 Qe3 34. Rd8 Qh6 35. Bxc4 bxc4 36. Re8 Qg7 37. e5 Rxe8 38. Qxe8+ Qf8 39. Qb5 Qe7 40. Re2 Rxh3 41. Qxc4 Rxg3+ 42. Kh2 Rc3 43. Qg4 h5 44. Qf4 Qe6 45. Qh4 Kh7 46. Kg2 Qd5+ 47. Kh2 Rc1 48. Qe4 Qxe4 49. Rxe4 Rc2+ 50. Kg3 Rxa2 51. Rxb4 g5 52. Rb6 Re2 53. Rb5 Kg6 54. Kf3 Re1 55. Kf2 Ra1 56. Ke3 Ra4 57. Kf3 h4 58. Ke3 Rf4 59. Ra5 h3 60. Ra2 Kf5 0-1

[Event "Oslo Sveins op 3rd"]
[Site "Oslo"]
[Date "2010.06.21"]
[Round "6"]
[White "Skovgaard, Peter"]
[Black "Westerinen, Heikki MJ"]
[Result "1/2-1/2"]
[WhiteElo "2284"]
[BlackElo "2358"]
[PlyCount "33"]
[EventDate "2010.06.18"]
[EventType "swiss"]
[EventRounds "9"]
[EventCountry "NOR"]
[SourceTitle "CBM 137 Extra"]
[Source "ChessBase"]
[SourceDate "2010.09.01"]
[SourceVersion "1"]
[SourceVersionDate "2010.09.01"]
[SourceQuality "1"]

1. e4 e6 2. d4 d5 3. Nc3 Bb4 4. e5 c5 5. a3 Bxc3+ 6. bxc3 Nc6 7. Qg4 g6 8. Bd2 Qb6 9. Nf3 Qb2 10. Rc1 c4 11. a4 Qa3 12. h4 h6 13. h5 g5 14. Nh2 f5 15. exf6 Nxf6 16. Qd1 e5 17. dxe5 1/2-1/2

[Event "Oslo Sveins op 3rd"]
[Site "Oslo"]
[Date "2010.06.20"]
[Round "5"]
[White "Hammer, Jon Ludvig"]
[Black "Skovgaard, Peter"]
[Result "1/2-1/2"]
[WhiteElo "2610"]
[BlackElo "2284"]
[PlyCount "130"]
[EventDate "2010.06.18"]
[EventType "swiss"]
[EventRounds "9"]
[EventCountry "NOR"]
[SourceTitle "CBM 137 Extra"]
[Source "ChessBase"]
[SourceDate "2010.09.01"]
[SourceVersion "1"]
[SourceVersionDate "2010.09.01"]
[SourceQuality "1"]

1. d4 Nf6 2. c4 e6 3. g3 d5 4. Bg2 dxc4 5. Nf3 Bb4+ 6. Bd2 a5 7. 0-0 0-0 8. Bg5 h6 9. Bxf6 Qxf6 10. e3 Bd7 11. Ne5 Bb5 12. Nc3 Bxc3 13. bxc3 c6 14. a4 Ba6 15. f4 Qe7 16. Qh5 Nd7 17. Nxd7 Qxd7 18. Qc5 Rfc8 19. Rfb1 b5 20. Qb6 bxa4 21. Rxa4 Rcb8 22. Qxb8+ Rxb8 23. Rxb8+ Kh7 24. Rb1 Qc7 25. Rba1 Qb6 26. Rxa5 Bb7 27. f5 Bc8 28. Ra8 Qb2 29. Rf1 Qb7 30. Raa1 exf5 31. Rfb1 Qc7 32. Ra8 Be6 33. Bh3 Qe7 34. Rbb8 Qg5 35. Kf2 Qh5 36. Bg2 Qxh2 37. Ra1 Bd5 38. Rg1 Bxg2 39. Rxg2 Qh1 40. Rc8 Qc1 41. Rxc6 Qxc3 42. Rc5 Qd2+ 43. Kf3 Qd3 44. Re2 c3 45. Kf2 h5 46. d5 g6 47. d6 Qxd6 48. Rxc3 Kh6 49. Rc4 Qd5 50. Rd4 Qh1 51. Rb4 Qc6 52. Rd4 f6 53. Red2 Qh1 54. Rh4 Qc1 55. Rhd4 g5 56. Rd1 Qb2+ 57. R4d2 Qb7 58. Rd7 Qe4 59. R7d4 Qc6 60. Rd6 Qc3 61. R6d3 Qc2+ 62. R3d2 Qb3 63. Rd3 Qf7 64. Rd7 Qg6 65. R7d4 Qf7 1/2-1/2

[Event "Oslo Sveins op 3rd"]
[Site "Oslo"]
[Date "2010.06.20"]
[Round "4"]
[White "Skovgaard, Peter"]
[Black "Hebden, Mark"]
[Result "0-1"]
[WhiteElo "2284"]
[BlackElo "2539"]
[PlyCount "88"]
[EventDate "2010.06.18"]
[EventType "swiss"]
[EventRounds "9"]
[EventCountry "NOR"]
[SourceTitle "CBM 137 Extra"]
[Source "ChessBase"]
[SourceDate "2010.09.01"]
[SourceVersion "1"]
[SourceVersionDate "2010.09.01"]
[SourceQuality "1"]

1. e4 e5 2. Nf3 Nc6 3. Bb5 a6 4. Ba4 Nf6 5. 0-0 Be7 6. Re1 b5 7. Bb3 0-0 8. h3 d6 9. c3 Na5 10. Bc2 d5 11. d4 dxe4 12. Nxe5 Bb7 13. Bg5 c5 14. Nd2 cxd4 15. cxd4 Re8 16. Bxf6 Bxf6 17. Bxe4 Bxe4 18. Rxe4 Qd5 19. Qe2 Re6 20. b3 Nb7 21. Rc1 Rae8 22. Ndf3 Nd6 23. Rf4 Bd8 24. Rc5 Qb7 25. Qc2 f6 26. Ng4 Ne4 27. Rc8 Bb6 28. Rxe8+ Rxe8 29. Nge5 Nd6 30. Rh4 g5 31. Rh6 Rc8 32. Qd3 Ne4 33. Ng4 Rc1+ 34. Kh2 Qc7+ 35. g3 Qc2 36. Qxe4 Qxe4 37. Nxf6+ Kg7 38. Nxe4 Kxh6 39. d5 Rd1 40. d6 Rd5 41. h4 g4 42. Nfg5 Kg6 43. Ne6 Kf5 44. Nc7 Kxe4 0-1

[Event "DEN 75th Ann"]
[Site "Copenhagen"]
[Date "2010.02.17"]
[Round "4"]
[White "Teplyi, Igor"]
[Black "Skovgaard, Peter"]
[Result "1-0"]
[WhiteElo "2305"]
[BlackElo "2279"]
[PlyCount "109"]
[EventDate "2010.02.15"]
[EventType "swiss"]
[EventRounds "9"]
[EventCountry "DEN"]
[SourceTitle "CBM 134 Extra"]
[Source "ChessBase"]
[SourceDate "2010.03.03"]
[SourceVersion "1"]
[SourceVersionDate "2010.03.03"]
[SourceQuality "1"]

1. Nf3 Nf6 2. c4 g6 3. g3 Bg7 4. Bg2 0-0 5. 0-0 d6 6. Nc3 Nbd7 7. Rb1 e5 8. d3 Nb6 9. b3 Re8 10. e4 a5 11. h3 c6 12. Ba3 c5 13. Nb5 Ra6 14. Bc1 h6 15. a3 Nbd7 16. Bd2 Nf8 17. b4 axb4 18. axb4 Bd7 19. Ra1 Rxa1 20. Qxa1 Bxb5 21. cxb5 c4 22. dxc4 Nxe4 23. Qa7 Qe7 24. Be3 f5 25. Nd2 Nxd2 26. Bd5+ Kh7 27. Bxd2 Rc8 28. Rc1 Rc7 29. Qb6 Rd7 30. Ra1 Ne6 31. Ra7 Nd8 32. Be3 Kh8 33. Kg2 Kh7 34. Bd2 Kh8 35. Ra8 Kh7 36. Rb8 Rc7 37. h4 Rd7 38. Bc3 Bf6 39. Bd2 Bg7 40. Bc1 Bf6 41. Qe3 Qg7 42. Qe2 e4 43. h5 gxh5 44. Qxh5 Qg6 45. Qh3 Rg7 46. Bxh6 Qxh6 47. Qxf5+ Rg6 48. Bxe4 Kg7 49. Qd7+ Nf7 50. Rxb7 Rxg3+ 51. fxg3 Qd2+ 52. Kh3 Qh6+ 53. Kg4 Qg5+ 54. Kf3 Qh5+ 55. Qg4+ 1-0

[Event "DEN 75th Ann"]
[Site "Copenhagen"]
[Date "2010.02.16"]
[Round "2"]
[White "Danielsen, Henrik"]
[Black "Skovgaard, Peter"]
[Result "1-0"]
[WhiteElo "2495"]
[BlackElo "2279"]
[PlyCount "121"]
[EventDate "2010.02.15"]
[EventType "swiss"]
[EventRounds "9"]
[EventCountry "DEN"]
[SourceTitle "CBM 134 Extra"]
[Source "ChessBase"]
[SourceDate "2010.03.03"]
[SourceVersion "1"]
[SourceVersionDate "2010.03.03"]
[SourceQuality "1"]

1. g3 e5 2. c4 Nf6 3. Bg2 d5 4. cxd5 Nxd5 5. Nf3 Nc6 6. 0-0 Be7 7. d4 e4 8. Ne5 f5 9. Nxc6 bxc6 10. Qa4 0-0 11. Qxc6 Rb8 12. Nc3 Bb7 13. Qc4 Kh8 14. Nxd5 Bxd5 15. Qc2 Bd6 16. b3 Qe7 17. e3 g5 18. f3 g4 19. f4 h5 20. Bd2 h4 21. gxh4 Qxh4 22. Be1 Qe7 23. Qf2 c6 24. Qh4+ Kg7 25. Qxe7+ Bxe7 26. Rc1 Rh8 27. Rc2 Rh6 28. Bg3 a5 29. Be1 Bb4 30. Bxb4 axb4 31. Rff2 Ra8 32. Bf1 Ra7 33. Rg2 Rh3 34. Rge2 Rh8 35. h3 Kf6 36. hxg4 fxg4 37. Rh2 Rha8 38. Rhd2 Kf5 39. Kf2 g3+ 40. Kxg3 Rg7+ 41. Kf2 Rh8 42. Bg2 Kf6 43. Re2 Rhg8 44. Kf1 Ra7 45. Kg1 Rag7 46. Re1 Ra7 47. Kf2 Rag7 48. Rg1 Ra7 49. Rgc1 Ke7 50. Rh1 Rg7 51. Rh5 Ra8 52. Bxe4 Bxe4 53. Re5+ Kd6 54. Rxe4 Rh8 55. Ke2 Rg1 56. Kd3 Rh3 57. f5 Rd1+ 58. Ke2 Rhh1 59. Re6+ Kd7 60. Rcxc6 Ra1 61. Ra6 1-0